000 00310nam a2200145Ia 4500
100 _aGottfried/B.S
942 _cBK
654 _aFortran
245 _aProgramming with Fortran IV
260 _bQuantum Publishers
_aNewyork
_c1972
082 _a1.6
_bGOT
300 _a272
546 _aENGLISH
999 _c35668
_d35668